| 000 -CABECERA |
| Longitud fija campo de control |
00725nam a2200217 a 4500 |
| 001 - NÚMERO DE CONTROL |
| Número de control |
3032 |
| 003 - IDENTIFICADOR DEL NÚMERO DE CONTROL |
| Identificador del número de control |
CDMR |
| 005 - FECHA Y HORA DE LA ÚLTIMA TRANSACCIÓN |
| Fecha y hora de la última transacción |
20131128112120.0 |
| 008 - CÓDIGOS DE INFORMACIÓN DE LONGITUD FIJA |
| Códigos de información de longitud fija |
130130s1994||||sp |||||||||||||||||cat|d |
| 020 ## - NÚMERO INTERNACIONAL NORMALIZADO PARA LIBROS |
| Número Internacional Normalizado para Libros (ISBN) |
8439328176 |
| 024 ## - OTROS IDENTIFICADORES NORMALIZADOS |
| Fuente del número o código |
8439328176 |
| 040 ## - FUENTE DE LA CATALOGACIÓN |
| Centro catalogador de origen |
CDMR |
| Lengua de catalogación |
cat |
| Centro transcriptor |
CPC GIRONA |
| 100 1# - PUNTO DE ACCESO PRINCIPAL-NOMBRE DE PERSONA |
| Nombre de persona |
Lledó, Emilio |
| 9 (RLIN) |
2218 |
| 245 10 - MENCIÓN DE TÍTULO |
| Título |
Paraules i imatges |
| Mención de responsabilidad, etc. |
Emilio Lledó |
| 260 ## - PUBLICACIÓN, DISTRIBUCIÓN, ETC. (PIE DE IMPRENTA) |
| Lugar de publicación, distribución, etc. |
Barcelona |
| Nombre del editor, distribuidor, etc. |
Generalitat de Catalunya. Centre d'Investigació de la Comunicació |
| Fecha de publicación, distribución, etc. |
1994 |
| 300 ## - DESCRIPCIÓN FÍSICA |
| Extensión |
39 p. |
| 586 ## - NOTA DE PREMIOS |
| Nota de premios |
V premis a la investigació sobre comunicació de masses |
| 710 1# - PUNTO DE ACCESO ADICIONAL - NOMBRE DE ENTIDAD |
| 9 (RLIN) |
304 |
| Nombre de entidad o nombre de jurisdicción como elemento inicial |
Centre d'Investigació de la Comunicació |
| 711 2# - PUNTO DE ACCESO ADICIONAL - NOMBRE DE CONGRESO |
| 9 (RLIN) |
3791 |
| Nombre de congreso o nombre de jurisdicción como elemento inicial |
Premis a la Investigació sobre Comunicació de Masses |
| Fecha del congreso |
1994 |
| Número del congreso o número de parte o sección de la obra |
5ès |
| 942 ## - ENTRADA DE ELEMENTOS AGREGADOS (KOHA) |
| Koha [por defecto] tipo de item |
Fullets |
| Fuente de clasificaión o esquema |
|